000 01741nam a22002417a 4500
999 _c58554
_d58554
003 Ge_BSU
005 20220602112035.0
008 220602s2020 ge ||||| |||| 00| 0 geo d
020 _a9789941825514
041 _ageo
080 _a1(479.22) +130.1 მ-23
100 _aმამარდაშვილი, მერაბ
_913946
245 _aცნობიერება და ცივილიზაცია /
_cმერაბ მამარდაშვილი ; მთარგმნელი დიმიტრი უჩანეიშვილი ; რუსული ტექსტის რედაქტორი ელენე მამარდაშვილი.
264 _aთბილისი :
_bაქტი,
_c2020.
300 _a332 გვ. ;
_b20 სმ.
500 _aთარგმანი შესრულებულია შემდეგი გამოცემის მიხედვით: М. Мамардашвили "Сознание и цивилизация", Азбука, Санкт Петербург, 2019.
501 _aგარეკანზე: ფრანცისკო ინფანტეს ნახატი "არტე ფაქტები" ციკლიდან "აპლიკაციები", 1992. შენიშვნები და განმარტებები: გვ. 323-329.
653 _aქართული ფილოსოფია.
653 _aცნობიერება.
700 _aუჩანეიშვილი, დიმიტრი
_eმთარგმნელი
_913895
700 _aმამარდაშვილი, ელენე
_eრედაქტორი
_913947
942 _2udc
_cBK